000 00294nam a2200121 a 4500
008 110105s1971|||| d
245 1 0 _aMladosť V. I. Lenina
100 1 _aZetkinová - Milovidová, E.
260 _bSPN
_aBratislava
_c1971
044 _axo
_cSK
041 _aslo
020 _c13,50
999 _c15493
_d15493